| 000 | 01321nam1a22002531i 4500 | ||
|---|---|---|---|
| 001 | rc\4932216 | ||
| 005 | 20260406135744.0 | ||
| 021 |
_aRU _bРг6716-59 |
||
| 035 | _a(NLR Aleph) 008846837 | ||
| 090 |
_a8376239 _c8376239 |
||
| 100 | _a20130426d1958 |||y0rusy50 ca | ||
| 101 | 0 | _arus | |
| 102 | _aRU | ||
| 105 | _a z ||||| | ||
| 200 | 1 |
_aРемонт и эксплуатация машинно-тракторного парка МТП _eСборник рац. предложений и техн. усовершенствований _eВып. 1- _fМ-во с. х. Молд. ССР. Молд. науч.-техн. о-во сел. и лесного хоз. |
|
| 210 |
_aКишинев _cБ. и. _d1958 |
||
| 215 | _d22 | ||
| 300 | _aЗагл. вып. 2: Ремонт и эксплуатация машинно-тракторного парка в РТС и колхозах | ||
| 517 | 0 | _aРемонт и эксплуатация машинно-тракторного парка в РТС и колхозах | |
| 712 | 0 | 2 |
_aНаучно-техническое о-во сельского и лесного хозяйства _cМосква _bМолдавское респ. правление _3RU\NLR\AUTH\889918738 _9333599 |
| 801 | 0 |
_aRU _bNLR _gpsbo |
|
| 801 | 1 |
_aRU _bELAR _2rusmarc |
|
| 852 |
_aNLR _j59-6/8555 |
||
| 942 | _cBOOK | ||